The healing power of the Bible / (Record no. 7324)

MARC details
000 -LEADER
fixed length control field 00900pam a2200277 a 4500
001 - CONTROL NUMBER
control field 1879896
003 - CONTROL NUMBER IDENTIFIER
control field GBCCL
005 - DATE AND TIME OF LATEST TRANSACTION
control field 20241126110625.0
008 - FIXED-LENGTH DATA ELEMENTS--GENERAL INFORMATION
fixed length control field 830928r1984 cau 000 0 eng
010 ## -
-- 83048999
020 ## - INTERNATIONAL STANDARD BOOK NUMBER
International Standard Book Number 0060670533 (pbk.) :
Terms of availability $6.95
040 ## - CATALOGING SOURCE
Original cataloging agency DLC
Transcribing agency DLC
Modifying agency DLC
050 00 -
-- BS680.H4
-- S36 1984
082 00 - DEWEY DECIMAL CLASSIFICATION NUMBER
Classification number 220.6
Edition information 19
Item number SAN
100 1# - MAIN ENTRY--PERSONAL NAME
Personal name Sanford, Agnes Mary White.
9 (RLIN) 12968
245 14 - TITLE STATEMENT
Title The healing power of the Bible /
Statement of responsibility, etc. Agnes Sanford.
250 ## - EDITION STATEMENT
Edition statement 1st Harper & Row paperback ed.
260 ## - PUBLICATION, DISTRIBUTION, ETC.
Place of publication, distribution, etc. San Francisco :
Name of publisher, distributor, etc. Harper & Row,
Date of publication, distribution, etc. 1984, c1969.
300 ## - PHYSICAL DESCRIPTION
Extent 221 p. ;
Dimensions 20 cm.
600 10 - SUBJECT ADDED ENTRY--PERSONAL NAME
Personal name Sanford, Agnes Mary White.
9 (RLIN) 12968
630 00 - SUBJECT ADDED ENTRY--UNIFORM TITLE
Uniform title Bible
General subdivision Criticism, interpretation, etc.
9 (RLIN) 144
650 #0 - SUBJECT ADDED ENTRY--TOPICAL TERM
Topical term or geographic name entry element Spiritual healing
General subdivision Biblical teaching.
9 (RLIN) 12969
650 #0 - SUBJECT ADDED ENTRY--TOPICAL TERM
Topical term or geographic name entry element Miracles
General subdivision Biblical teaching.
9 (RLIN) 4064
906 ## - LOCAL DATA ELEMENT F, LDF (RLIN)
a 7
b cbc
c orignew
d 1
e ocip
f 19
g y-gencatlg
942 ## - ADDED ENTRY ELEMENTS (KOHA)
Source of classification or shelving scheme Dewey Decimal Classification
Koha item type Books
Holdings
Withdrawn status Lost status Source of classification or shelving scheme Damaged status Not for loan Home library Current Library Shelving location Date acquired Total checkouts Full call number Barcode Date last seen Copy number Price effective from Koha item type
    Dewey Decimal Classification     GRACE BIBLE COLLEGE GRACE BIBLE COLLEGE Biblical Studies 2018-07-30   220.6 SAN 001533 2025-05-01 c.1 2018-07-30 Books
© Grace Bible College Library 2025